000
00294nam a2200121Ia 4500
005
20251223131554.0
008
251219s9999 xx 000 0 und d
041
_a
eng
100
_a
Kopardekar S
_9
216069
245
_a
Purushotam
260
_b
Kopardekar sham
_c
2014
300
_a
180
_b
Paper Back
999
_c
369605
_d
369605